| 000 | 00512nam a2200193Ia 4500 | ||
|---|---|---|---|
| 001 | 22510 | ||
| 003 | GE_BSU | ||
| 008 | 181216s||||||||xx |||||||||||||| ||und|| | ||
| 040 | _cGE_BSU | ||
| 080 | _aპერიოდიკა | ||
| 245 | 4 | _aThe Economist, April 14th-20th №9087. 2018 | |
| 260 | _aParis | ||
| 260 | _c2018 | ||
| 300 | _a78 p. 27cm. ill. | ||
| 653 | _aThe Economist, April 14th-20th №9087. 2018 | ||
| 653 | _aПериодика | ||
| 653 | _aპერიოდიკა | ||
| 942 | _cCR | ||
| 999 |
_c55428 _d55428 |
||